Country Flag-Shapes that start with “B” - Statistics

General Stats
  • This quiz has been taken 70 times
  • The average score is 16 of 17
Answer Stats
Picture Answer % Correct
Bangladesh
100%
Belarus
100%
Belgium
100%
Bhutan
100%
Brazil
100%
Barbados
98%
Benin
98%
Bosnia and Herzegovina
98%
Bahamas
96%
Bahrain
96%
Bolivia
96%
Botswana
96%
Bulgaria
96%
Burkina Faso
95%
Belize
93%
Brunei
93%
Burundi
88%
No matching quizzes found
Score Distribution
Percent of People with Each Score
Percentile by Number Answered
Your Score History
You have not taken this quiz